[Event "Brno op"]
[Site "Brno"]
[Date "2015.08.29"]
[Round "8"]
[White "Kuchynka, Lubos"]
[Black "Krajicek, Filip"]
[Result "1/2-1/2"]
[WhiteElo "1980"]
[BlackElo "1663"]
[PlyCount "59"]
[EventDate "2015.08.23"]
[EventType "swiss"]
[EventRounds "9"]
[EventCountry "CZE"]
[SourceTitle "EXT 2016"]
[Source "ChessBase"]
[SourceDate "2015.10.08"]
[SourceVersion "1"]
[SourceVersionDate "2015.10.08"]
[SourceQuality "1"]

1. d4 Nf6 2. c4 g6 3. Nc3 Bg7 4. e4 d6 5. Be2 0-0 6. Bg5 c5 7. d5 Re8 8. Nf3 Nbd7 9. 0-0 Qb6 10. Qc2 e6 11. h3 exd5 12. exd5 Ne5 13. Nxe5 Rxe5 14. Bf4 Bf5 15. Bd3 Bxd3 16. Qxd3 Re7 17. g4 Rae8 18. Nb5 Ne4 19. Rae1 Kf8 20. Rxe4 Rxe4 21. Nxd6 Rxf4 22. Nxe8 Bd4 23. d6 Kxe8 24. Qe2+ Kf8 25. Qe7+ Kg7 26. g5 Bxb2 27. d7 Rd4 28. Qe5+ Kg8 29. Qe8+ Kg7 30. Qe5+ 1/2-1/2

[Event "Brno op"]
[Site "Brno"]
[Date "2015.08.26"]
[Round "5"]
[White "Vavrinkova, Eliska"]
[Black "Kuchynka, Lubos"]
[Result "1/2-1/2"]
[WhiteElo "1695"]
[BlackElo "1980"]
[PlyCount "71"]
[EventDate "2015.08.23"]
[EventType "swiss"]
[EventRounds "9"]
[EventCountry "CZE"]
[SourceTitle "EXT 2016"]
[Source "ChessBase"]
[SourceDate "2015.10.08"]
[SourceVersion "1"]
[SourceVersionDate "2015.10.08"]
[SourceQuality "1"]

1. d4 Nf6 2. Nf3 e6 3. c4 Bb4+ 4. Nc3 c5 5. a3 Bxc3+ 6. bxc3 Qa5 7. Bd2 0-0 8. Qc2 d6 9. e4 e5 10. Be2 Re8 11. d5 Nbd7 12. 0-0 Nf8 13. Rfe1 Bd7 14. Bg5 Ba4 15. Qd3 Ng6 16. Bd1 Bd7 17. Nd2 Qd8 18. Bf3 h6 19. Be3 Nf4 20. Bxf4 exf4 21. Nb3 b6 22. a4 g5 23. h3 h5 24. Nd2 g4 25. hxg4 hxg4 26. Bd1 Nh5 27. Bc2 Re5 28. Nf1 Qg5 29. Qd2 Qh6 30. a5 Rae8 31. axb6 axb6 32. Ra7 Bf5 33. Rb7 Bxe4 34. Bxe4 Rxe4 35. Rxe4 Rxe4 36. Rxb6 1/2-1/2

[Event "Brno op"]
[Site "Brno"]
[Date "2015.08.25"]
[Round "4"]
[White "Kuchynka, Lubos"]
[Black "Janous, Petr"]
[Result "0-1"]
[WhiteElo "1980"]
[BlackElo "1883"]
[PlyCount "124"]
[EventDate "2015.08.23"]
[EventType "swiss"]
[EventRounds "9"]
[EventCountry "CZE"]
[SourceTitle "EXT 2016"]
[Source "ChessBase"]
[SourceDate "2015.10.08"]
[SourceVersion "1"]
[SourceVersionDate "2015.10.08"]
[SourceQuality "1"]

1. d4 d5 2. c4 c6 3. Nc3 dxc4 4. e3 b5 5. a4 b4 6. Ne4 Qd5 7. Ng3 Nf6 8. Nf3 e6 9. Be2 Ba6 10. 0-0 Bd6 11. Ne1 0-0 12. f4 Rd8 13. Nc2 Be7 14. Qe1 c3 15. bxc3 bxc3 16. Ba3 Bxa3 17. Rxa3 Bxe2 18. Nxe2 c5 19. Rxc3 Nbd7 20. dxc5 Nxc5 21. Nb4 Qd6 22. Nd4 Nxa4 23. Rc6 Qd7 24. Qa1 Nb6 25. Nd3 Nbd5 26. Ne5 Qe8 27. Qa3 Nd7 28. Ra6 Qf8 29. Nec6 Qxa3 30. Rxa3 Re8 31. Rb1 g6 32. g3 e5 33. Nb5 a6 34. Nba7 exf4 35. exf4 Re2 36. Rb7 Nc5 37. Rb1 Rc8 38. Ra5 Rc2 39. Rb8 Rxb8 40. Nxb8 Ne3 41. Ra3 Re2 42. Nxa6 Ne4 43. Rxe3 Rxe3 44. Nc6 Re2 45. Nab4 Nd2 46. Nd4 Re3 47. Kf2 Ra3 48. Nbc2 Ne4+ 49. Ke2 Ra2 50. Ke3 Nc5 51. Kf3 Nb3 52. h3 Nxd4+ 53. Nxd4 Ra3+ 54. Kf2 Kg7 55. Nf3 Ra2+ 56. Kf1 h6 57. Nd4 Kf6 58. Ne2 Kf5 59. g4+ Ke6 60. Kf2 Kd5 61. h4 Ke4 62. Ke1 Rxe2+ 0-1

[Event "Brno Duras op"]
[Site "Brno"]
[Date "2015.07.01"]
[Round "5"]
[White "Kuchynka, Lubos"]
[Black "Kuchynka, Lukas"]
[Result "0-1"]
[WhiteElo "1993"]
[BlackElo "2256"]
[PlyCount "70"]
[EventDate "2015.06.27"]
[EventType "swiss"]
[EventRounds "9"]
[EventCountry "CZE"]
[SourceTitle "CBM 167 Extra"]
[Source "ChessBase"]
[SourceDate "2015.09.14"]
[SourceVersion "1"]
[SourceVersionDate "2015.09.14"]
[SourceQuality "1"]

1. f4 g6 2. Nf3 d5 3. e3 Bg7 4. d4 Nf6 5. Be2 Bf5 6. 0-0 Nbd7 7. Nbd2 c5 8. c3 Ng4 9. Nb1 Ngf6 10. Ne5 h5 11. Nd2 Qb6 12. Ndf3 Ne4 13. Nxd7 Bxd7 14. Ne5 Bxe5 15. fxe5 Rh7 16. Qb3 c4 17. Qxb6 axb6 18. Bf3 Bf5 19. Bxe4 Bxe4 20. Bd2 Kd7 21. b4 Ra3 22. Rf2 h4 23. Be1 Ke6 24. Rb2 g5 25. Rc1 Rh8 26. Rf2 g4 27. Rb2 h3 28. g3 Rha8 29. Ra1 Bf3 30. Rf2 b5 31. Rd2 Rxc3 32. Kf2 Rca3 33. Rc2 Be4 34. Re2 c3 35. Kf1 Bd3 0-1

[Event "Brno Duras op"]
[Site "Brno"]
[Date "2015.06.28"]
[Round "2"]
[White "Kosiorek, Marek"]
[Black "Kuchynka, Lubos"]
[Result "1-0"]
[WhiteElo "2336"]
[BlackElo "1993"]
[PlyCount "109"]
[EventDate "2015.06.27"]
[EventType "swiss"]
[EventRounds "9"]
[EventCountry "CZE"]
[SourceTitle "CBM 167 Extra"]
[Source "ChessBase"]
[SourceDate "2015.09.14"]
[SourceVersion "1"]
[SourceVersionDate "2015.09.14"]
[SourceQuality "1"]

1. e4 c5 2. Nf3 g6 3. Bc4 Bg7 4. c3 e6 5. d4 cxd4 6. cxd4 d5 7. Bb5+ Bd7 8. Bxd7+ Nxd7 9. e5 Nh6 10. h4 f6 11. exf6 Nxf6 12. Nc3 0-0 13. Bg5 Qd6 14. Qe2 Rac8 15. Kf1 Nh5 16. Re1 Rce8 17. Qb5 Qc7 18. Nxd5 Qf7 19. Ne3 e5 20. Bxh6 Bxh6 21. Ng4 Bg7 22. dxe5 Qxa2 23. b3 Kh8 24. Kg1 a6 25. Qb6 Rf4 26. Ne3 Rxe5 27. Qxb7 Rb5 28. Qc6 Qxb3 29. Qxa6 Rf8 30. Rh3 Qb2 31. Nc4 Qb4 32. Nfd2 Rd5 33. Rb3 Qc5 34. Ne4 Qd4 35. Ncd2 Rdf5 36. Nf3 Qd5 37. Rd3 Qa5 38. Qxa5 Rxa5 39. g3 Raf5 40. Kg2 Nf6 41. Nd6 Ra5 42. Re2 Ng4 43. Ng5 Ne5 44. Rde3 Bf6 45. Rxe5 Bxe5 46. Ndf7+ Kg7 47. Nxe5 Re8 48. f4 h6 49. Ngf3 Rea8 50. Kh3 Ra1 51. Kg4 h5+ 52. Kg5 Rf1 53. Rd2 Rf8 54. Rd7+ Kg8 55. Kh6 1-0

[Event "CZE-chT2E 1415"]
[Site "Czech Republic"]
[Date "2015.02.08"]
[Round "7.4"]
[White "Kuchynka, Lubos"]
[Black "Zpevakova, Jana"]
[Result "0-1"]
[WhiteElo "1983"]
[BlackElo "2020"]
[PlyCount "112"]
[EventDate "2014.11.02"]
[EventType "team-tourn"]
[EventRounds "11"]
[EventCountry "CZE"]
[SourceTitle "EXT 2022"]
[Source "ChessBase"]
[SourceDate "2021.10.06"]
[SourceVersion "1"]
[SourceVersionDate "2021.10.06"]
[SourceQuality "1"]
[WhiteTeam "Hustopece"]
[BlackTeam "Stare Mesto II"]
[WhiteTeamCountry "CZE"]
[BlackTeamCountry "CZE"]

1. d4 Nf6 2. c4 e5 3. dxe5 Ng4 4. e4 Nxe5 5. f4 Nec6 6. Be3 d6 7. Nc3 Nd7 8. a3 a5 9. Bd3 g6 10. Nf3 Bg7 11. 0-0 0-0 12. Rc1 Nc5 13. Bc2 Re8 14. Nd4 Nxd4 15. Bxd4 Bg4 16. Qd2 Qh4 17. Bxg7 Kxg7 18. Qd4+ f6 19. g3 Ne6 20. Qf2 Qh5 21. Nd5 c6 22. Ne3 Be2 23. Rfe1 Nd4 24. Nf5+ gxf5 25. Qxd4 Qf3 26. Qd2 Bxc4 27. Re3 Qh5 28. Bd1 Qf7 29. Rec3 Be6 30. exf5 Bxf5 31. g4 Be4 32. Bb3 d5 33. Qd4 Kf8 34. Rg3 Qg7 35. Qc5+ Re7 36. Rf1 a4 37. Bd1 Qf7 38. g5 f5 39. Rh3 Qg7 40. Rh6 Kg8 41. Rf2 Qf8 42. Bh5 Rg7 43. Qd4 Qe7 44. Kf1 c5 45. Qf6 Rd8 46. Qb6 d4 47. Qb5 d3 48. Qc4+ Bd5 49. Qxa4 Qe3 50. Qa5 Qc1+ 51. Qe1 d2 52. Rxd2 Qc4+ 53. Qe2 Qxf4+ 54. Bf3 Qxg5 55. Bxd5+ Kh8 56. Qh5 Qxd2 0-1

[Event "CZE-chT2E 1213"]
[Site "Czech Republic"]
[Date "2012.11.18"]
[Round "3.7"]
[White "Richterova, Natasa"]
[Black "Kuchynka, Lubos"]
[Result "1/2-1/2"]
[WhiteElo "1945"]
[BlackElo "2005"]
[PlyCount "79"]
[EventDate "2012.10.14"]
[EventType "team-tourn"]
[EventRounds "11"]
[EventCountry "CZE"]
[SourceTitle "EXT 2016"]
[Source "ChessBase"]
[SourceDate "2015.10.08"]
[SourceVersion "1"]
[SourceVersionDate "2015.10.08"]
[SourceQuality "1"]
[WhiteTeam "Adamov"]
[BlackTeam "Hustopece"]
[WhiteTeamCountry "CZE"]
[BlackTeamCountry "CZE"]

1. e4 c5 2. Nf3 d6 3. Bb5+ Bd7 4. Bxd7+ Qxd7 5. c4 Nc6 6. d4 cxd4 7. Nxd4 g6 8. Be3 Bg7 9. Nc3 Nf6 10. f3 0-0 11. 0-0 Ne5 12. b3 b6 13. Rc1 Qb7 14. Qd2 Rfd8 15. Rfd1 Nfd7 16. Bh6 Bh8 17. Qe2 Nc6 18. Nxc6 Qxc6 19. Nd5 Re8 20. Bg5 Qc5+ 21. Qf2 Qxf2+ 22. Kxf2 f6 23. Be3 Rac8 24. h3 Kf7 25. Bd4 Bg7 26. Rc2 Nc5 27. Ke2 Bh6 28. Be3 Bxe3 29. Nxe3 Ne6 30. Kf2 h5 31. h4 Rc6 32. Rdd2 Rec8 33. g3 a5 34. Rb2 Nc5 35. a4 Ra8 36. Nd5 Ne6 37. Ke3 Nc5 38. Kf2 Nd7 39. Ke2 Nc5 40. Kf2 1/2-1/2

[Event "Brno op 3rd"]
[Site "Brno"]
[Date "2012.11.16"]
[Round "8"]
[White "Kuchynka, Lubos"]
[Black "Kassel, Walter"]
[Result "1-0"]
[WhiteElo "2005"]
[BlackElo "1941"]
[PlyCount "85"]
[EventDate "2012.11.10"]
[EventType "swiss"]
[EventRounds "9"]
[EventCountry "CZE"]
[SourceTitle "CBM 151 Extra"]
[Source "ChessBase"]
[SourceDate "2012.12.18"]
[SourceVersion "1"]
[SourceVersionDate "2012.12.18"]
[SourceQuality "1"]

1. d4 Nf6 2. c4 e6 3. Nc3 Bb4 4. e3 0-0 5. Bd3 d5 6. Nf3 b6 7. 0-0 Bb7 8. Bd2 Nbd7 9. a3 Bd6 10. cxd5 exd5 11. Rc1 a6 12. b4 Qe7 13. Qb3 Qe6 14. a4 Ne4 15. Bxe4 dxe4 16. Qxe6 fxe6 17. Ng5 Nf6 18. Nxe6 Rfe8 19. Ng5 h6 20. Nh3 Ng4 21. g3 Rf8 22. Nf4 Rf5 23. Nce2 g5 24. h3 Rf7 25. hxg4 gxf4 26. Nxf4 Bc8 27. f3 exf3 28. Rxf3 Bxg4 29. Rf2 Re8 30. Rh2 Kh7 31. Rh4 Bd7 32. Kf2 Bxa4 33. Rch1 Rf6 34. Ke2 Rg8 35. Nd5 Re6 36. e4 Rxg3 37. e5 Bf8 38. Nf6+ Kg6 39. Bxh6 Rc6 40. Be3 Bb5+ 41. Kf2 Rxe3 42. Kxe3 Be7 43. Rg4+ 1-0

[Event "Brno op 3rd"]
[Site "Brno"]
[Date "2012.11.14"]
[Round "5"]
[White "Kuchynka, Lukas"]
[Black "Kuchynka, Lubos"]
[Result "1-0"]
[WhiteElo "2310"]
[BlackElo "2005"]
[PlyCount "71"]
[EventDate "2012.11.10"]
[EventType "swiss"]
[EventRounds "9"]
[EventCountry "CZE"]
[SourceTitle "CBM 151 Extra"]
[Source "ChessBase"]
[SourceDate "2012.12.18"]
[SourceVersion "1"]
[SourceVersionDate "2012.12.18"]
[SourceQuality "1"]

1. c4 e5 2. Nc3 Nf6 3. g3 d5 4. cxd5 Nxd5 5. Bg2 Nxc3 6. bxc3 c6 7. d3 Bd6 8. Nf3 0-0 9. 0-0 Bg4 10. Qb3 Qc8 11. Rb1 b6 12. Re1 Na6 13. Nd2 Nc5 14. Qc2 b5 15. d4 Ne6 16. dxe5 Be7 17. Nb3 Rb8 18. f4 Nc5 19. Nd4 Rb6 20. f5 f6 21. e6 Rd8 22. Be3 Nb7 23. Qe4 Bh5 24. Nxc6 Rxc6 25. Qxc6 Nd6 26. Bxa7 Nxf5 27. Rxb5 Bg6 28. Bc5 Be8 29. Qxc8 Rxc8 30. Bxe7 Bxb5 31. Bb4 Ne3 32. Be4 f5 33. Bd3 Be8 34. a3 Rc6 35. e7 f4 36. Bb5 1-0

[Event "CZE-chT2E 1112"]
[Site "Czech Republic"]
[Date "2012.04.22"]
[Round "11.6"]
[White "Kuchynka, Lubos"]
[Black "Opravil, Karel"]
[Result "1-0"]
[WhiteElo "2014"]
[BlackElo "2068"]
[PlyCount "53"]
[EventDate "2011.10.09"]
[EventType "team-tourn"]
[EventRounds "11"]
[EventCountry "CZE"]
[SourceTitle "EXT 2013"]
[Source "ChessBase"]
[SourceDate "2012.11.22"]
[SourceVersion "1"]
[SourceVersionDate "2012.11.22"]
[SourceQuality "1"]
[WhiteTeam "Hustopece"]
[BlackTeam "Sumperk"]
[WhiteTeamCountry "CZE"]
[BlackTeamCountry "CZE"]

1. d4 d5 2. c4 e6 3. Nc3 f5 4. e3 Nf6 5. Bd3 c6 6. Nf3 Bd6 7. 0-0 0-0 8. b3 Nbd7 9. Bb2 Ne4 10. Ne2 b6 11. Qc1 Bb7 12. Ba3 Qe7 13. Bxd6 Qxd6 14. Qb2 Rac8 15. Rac1 Rf6 16. Ne5 Rh6 17. cxd5 Nec5 18. Bb1 Qxd5 19. Nf4 Qd6 20. Nc4 Qe7 21. dxc5 g5 22. Nd3 Nf6 23. Nd6 Rf8 24. Nxb7 Qxb7 25. Ne5 Ng4 26. Nxg4 fxg4 27. Qe5 1-0

[Event "CZE-chT2E 1112"]
[Site "Czech Republic"]
[Date "2012.02.19"]
[Round "8.7"]
[White "Kuchynka, Lubos"]
[Black "Knazovcik, Ladislav"]
[Result "0-1"]
[WhiteElo "2014"]
[BlackElo "2257"]
[PlyCount "50"]
[EventDate "2011.10.09"]
[EventType "team-tourn"]
[EventRounds "11"]
[EventCountry "CZE"]
[SourceTitle "EXT 2013"]
[Source "ChessBase"]
[SourceDate "2012.11.22"]
[SourceVersion "1"]
[SourceVersionDate "2012.11.22"]
[SourceQuality "1"]
[WhiteTeam "Hustopece"]
[BlackTeam "Stare Mesto II"]
[WhiteTeamCountry "CZE"]
[BlackTeamCountry "CZE"]

1. d4 d5 2. c4 c6 3. Nf3 Nf6 4. Nc3 e6 5. Bg5 Nbd7 6. cxd5 exd5 7. e3 Be7 8. Bd3 0-0 9. 0-0 Ne4 10. Bxe7 Qxe7 11. Qc2 Re8 12. a3 Nf8 13. b4 Nxc3 14. Qxc3 Bg4 15. Nd2 Qg5 16. Rfe1 Re6 17. Nf1 h5 18. f4 Qf6 19. h3 Bf5 20. Be2 Qg6 21. Kh2 Nd7 22. Ng3 Nf6 23. Nxf5 Qxf5 24. Bf3 Rae8 25. Rad1 Rxe3 0-1

[Event "Brno Trade op"]
[Site "Brno"]
[Date "2011.08.28"]
[Round "9"]
[White "Bartos, Jan"]
[Black "Kuchynka, Lubos"]
[Result "1-0"]
[WhiteElo "2215"]
[BlackElo "2014"]
[PlyCount "67"]
[EventDate "2011.08.21"]
[EventType "swiss"]
[EventRounds "9"]
[EventCountry "CZE"]
[SourceTitle "CBM 144 Extra"]
[Source "ChessBase"]
[SourceDate "2011.10.28"]
[SourceVersion "1"]
[SourceVersionDate "2011.10.28"]
[SourceQuality "1"]

1. d4 Nf6 2. Nf3 g6 3. c4 Bg7 4. Nc3 d5 5. Bg5 Ne4 6. Bh4 Nxc3 7. bxc3 dxc4 8. Qa4+ Qd7 9. Qxc4 b6 10. e3 Ba6 11. Qb3 Bxf1 12. Kxf1 0-0 13. Ke2 c5 14. dxc5 Nc6 15. Rhd1 Qf5 16. Qd5 Qxd5 17. Rxd5 e6 18. Rd7 Na5 19. Kd3 Rfc8 20. Be7 Nc6 21. Bd6 Nb4+ 22. cxb4 Bxa1 23. Ng5 Rd8 24. Rb7 bxc5 25. bxc5 Rdc8 26. Nxf7 Bg7 27. Ng5 Re8 28. Kc4 a6 29. c6 Rac8 30. Kc5 Bf6 31. Ne4 Bd8 32. Rd7 e5 33. c7 Bxc7 34. Nf6+ 1-0

[Event "Brno Trade op"]
[Site "Brno"]
[Date "2011.08.27"]
[Round "8"]
[White "Kuchynka, Lubos"]
[Black "Pokorny, Petr"]
[Result "1/2-1/2"]
[WhiteElo "2014"]
[BlackElo "2260"]
[PlyCount "48"]
[EventDate "2011.08.21"]
[EventType "swiss"]
[EventRounds "9"]
[EventCountry "CZE"]
[SourceTitle "CBM 144 Extra"]
[Source "ChessBase"]
[SourceDate "2011.10.28"]
[SourceVersion "1"]
[SourceVersionDate "2011.10.28"]
[SourceQuality "1"]

1. d4 e6 2. c4 f5 3. Nf3 Nf6 4. e3 d5 5. Bd3 c6 6. 0-0 Bd6 7. b3 Qe7 8. Bb2 0-0 9. Qc1 b6 10. Ba3 Ne4 11. Bxd6 Qxd6 12. Nc3 Nd7 13. Ne2 Bb7 14. Qb2 a5 15. a4 Rae8 16. Rfd1 Qe7 17. Qa3 c5 18. cxd5 exd5 19. Bb5 Nxf2 20. Kxf2 Qxe3+ 21. Kf1 Nf6 22. b4 Ng4 23. Qxe3 Nxe3+ 24. Kf2 Nxd1+ 1/2-1/2

[Event "Kouty nad Desnou op-A"]
[Site "Kouty nad Desnou"]
[Date "2011.03.18"]
[Round "8"]
[White "Maly, Marek"]
[Black "Kuchynka, Lubos"]
[Result "1/2-1/2"]
[WhiteElo "1986"]
[BlackElo "2021"]
[PlyCount "49"]
[EventDate "2011.03.12"]
[EventType "swiss"]
[EventRounds "9"]
[EventCountry "CZE"]
[SourceTitle "EXT 2014"]
[Source "ChessBase"]
[SourceDate "2013.11.20"]
[SourceVersion "1"]
[SourceVersionDate "2013.11.20"]
[SourceQuality "1"]

1. d4 Nf6 2. c4 g6 3. Nc3 d5 4. cxd5 Nxd5 5. e4 Nxc3 6. bxc3 Bg7 7. Bc4 c5 8. Ne2 0-0 9. 0-0 Nc6 10. Be3 Bg4 11. f3 Na5 12. Bxf7+ Rxf7 13. fxg4 Rxf1+ 14. Kxf1 cxd4 15. cxd4 e5 16. dxe5 Bxe5 17. Qxd8+ Rxd8 18. Rc1 b6 19. g3 Bb2 20. Rc2 Bg7 21. Rc7 Re8 22. Rxa7 Nc4 23. Bg5 Rxe4 24. Ra8+ Kf7 25. Ra7+ 1/2-1/2

[Event "Kouty nad Desnou op-A"]
[Site "Kouty nad Desnou"]
[Date "2011.03.14"]
[Round "3"]
[White "Kuchynka, Lubos"]
[Black "Balin, Jan"]
[Result "1/2-1/2"]
[WhiteElo "2021"]
[BlackElo "2355"]
[PlyCount "189"]
[EventDate "2011.03.12"]
[EventType "swiss"]
[EventRounds "9"]
[EventCountry "CZE"]
[SourceTitle "EXT 2014"]
[Source "ChessBase"]
[SourceDate "2013.11.20"]
[SourceVersion "1"]
[SourceVersionDate "2013.11.20"]
[SourceQuality "1"]

1. d4 Nf6 2. c4 e6 3. g3 Bb4+ 4. Bd2 Qe7 5. a3 Bxd2+ 6. Nxd2 d6 7. e4 e5 8. d5 Nbd7 9. Bg2 a5 10. b4 0-0 11. Ne2 Ng4 12. 0-0 f5 13. exf5 Nh6 14. Ne4 Nxf5 15. Qd3 Kh8 16. Rfc1 b6 17. Qc3 h6 18. f4 Kg8 19. fxe5 Qxe5 20. Qxe5 Nxe5 21. c5 g5 22. cxd6 cxd6 23. bxa5 Rxa5 24. Rab1 Ba6 25. N2c3 b5 26. Bf1 Rxa3 27. Bxb5 Bxb5 28. Rxb5 Ne3 29. Rcb1 Kg7 30. Rb7+ Kg6 31. Rb8 Rxb8 32. Rxb8 Ra1+ 33. Rb1 Rxb1+ 34. Nxb1 N5c4 35. Nbc3 Kf5 36. h4 gxh4 37. gxh4 Kg4 38. Nb5 Nf5 39. Nf6+ Kxh4 40. Ng8 Kg3 41. Nxh6 Nxh6 42. Kf1 Kf3 43. Ke1 Ke3 44. Kd1 Nf5 45. Nxd6 Nfxd6 46. Kc2 Kd4 47. Kb3 Ne3 48. Kb4 Nc2+ 49. Kb3 Kd3 50. Ka4 Kc4 51. Ka5 Kc5 52. Ka6 Ne1 53. Ka5 Nc2 54. Ka6 Na1 55. Ka5 Nb3+ 56. Ka6 Nd4 57. Ka5 N4b5 58. Ka6 Nc3 59. Ka5 Nc4+ 60. Ka6 Kd6 61. Kb7 Nb5 62. Ka6 Nc7+ 63. Kb7 Nd2 64. Kb6 Nb3 65. Kb7 Nb5 66. Kb6 Na3 67. Kb7 Nd4 68. Kb6 Nc4+ 69. Kb7 Nb5 70. Ka6 Kc5 71. d6 Kc6 72. d7 Nc7+ 73. Ka7 Ne6 74. d8N+ Nxd8 75. Ka6 Nb7 76. Ka7 Nc5 77. Kb8 Nd6 78. Ka7 Kc7 79. Ka8 Nd3 80. Ka7 Nb4 81. Ka8 Kb6 82. Kb8 Nc6+ 83. Ka8 Na7 84. Kb8 Nab5 85. Ka8 Nc8 86. Kb8 Ne7 87. Ka8 Nc8 88. Kb8 Nba7 89. Ka8 Ne7 90. Kb8 Nd5 91. Ka8 Nb5 92. Kb8 Nd6 93. Ka8 Kc7 94. Ka7 Nb5+ 95. Ka6 1/2-1/2

[Event "Kouty nad Desnou op-A"]
[Site "Kouty nad Desnou"]
[Date "2011.03.14"]
[Round "4"]
[White "Pospisil, Evzen"]
[Black "Kuchynka, Lubos"]
[Result "1-0"]
[WhiteElo "2113"]
[BlackElo "2021"]
[PlyCount "67"]
[EventDate "2011.03.12"]
[EventType "swiss"]
[EventRounds "9"]
[EventCountry "CZE"]
[SourceTitle "EXT 2014"]
[Source "ChessBase"]
[SourceDate "2013.11.20"]
[SourceVersion "1"]
[SourceVersionDate "2013.11.20"]
[SourceQuality "1"]

1. d4 Nf6 2. Nf3 g6 3. Nc3 d5 4. Bf4 Bg7 5. Qd2 Ne4 6. Nxe4 dxe4 7. Ne5 c5 8. e3 0-0 9. 0-0-0 Qb6 10. Nc4 Qa6 11. Kb1 b5 12. Na3 c4 13. Qb4 Bd7 14. Qxe7 Re8 15. Qd6 Bc6 16. Be5 Re6 17. Qd8+ Re8 18. Qh4 c3 19. Bxg7 Kxg7 20. Qg5 f5 21. Qf4 Qa4 22. Qd6 b4 23. Nc4 Nd7 24. d5 Bb5 25. b3 Qa6 26. Qxa6 Bxa6 27. Nd6 Bxf1 28. Nxe8+ Rxe8 29. Rhxf1 Kf6 30. Rd4 Rb8 31. Rfd1 Rb6 32. h3 a5 33. Rc4 Ke5 34. Rc6 1-0

[Event "Kouty nad Desnou op-A"]
[Site "Kouty nad Desnou"]
[Date "2011.03.12"]
[Round "1"]
[White "Kuchynka, Lubos"]
[Black "Vaculik, Jakub"]
[Result "1-0"]
[WhiteElo "2021"]
[BlackElo "1798"]
[PlyCount "53"]
[EventDate "2011.03.12"]
[EventType "swiss"]
[EventRounds "9"]
[EventCountry "CZE"]
[SourceTitle "EXT 2014"]
[Source "ChessBase"]
[SourceDate "2013.11.20"]
[SourceVersion "1"]
[SourceVersionDate "2013.11.20"]
[SourceQuality "1"]

1. d4 Nf6 2. c4 e5 3. dxe5 Ng4 4. e4 Nxe5 5. f4 Ng6 6. Be3 Bb4+ 7. Nc3 Nc6 8. Nf3 b6 9. Bd3 Bb7 10. 0-0 Bc5 11. Bxc5 bxc5 12. Qd2 d6 13. Rae1 0-0 14. Bb1 Re8 15. Nd5 Nge7 16. Qe3 Nb4 17. Qc3 Nexd5 18. exd5 Qf6 19. Qb3 Reb8 20. Ng5 h6 21. a3 Qd4+ 22. Kh1 hxg5 23. axb4 cxb4 24. fxg5 Qd2 25. Qh3 g6 26. Bxg6 fxg6 27. Re7 1-0